Music Quiz

Random Music or Country Music Quiz

20 Famous Country Singers Quiz Stats

 Plays Quiz Updated Apr 6, 2016

Score 0/20 Timer 05:00
1 Play Today
Picture Singer % Correct
Dolly Parton
94.5%
Carrie Underwood
87.6%
Willie Nelson
87.1%
Johnny Cash
84.5%
Garth Brooks
81.4%
Keith Urban
80.4%
Reba McEntire
78.2%
Tim McGraw
77.2%
Blake Shelton
75.6%
Toby Keith
72.4%
Picture Singer % Correct
Brad Paisley
68.9%
Shania Twain
67.7%
Faith Hill
67.5%
Kenny Rogers
67.3%
Darius Rucker
64.9%
Hank Williams, Sr.
59.8%
Patsy Cline
55.2%
Merle Haggard
48.9%
George Jones
47.5%
Trace Adkins
34.7%

You're not logged in!

Compare scores with friends on all Sporcle quizzes.
OR
Log In

Show Comments

Extras

Top Quizzes Today


Score Distribution

Your Account Isn't Verified!

In order to create a playlist on Sporcle, you need to verify the email address you used during registration. Go to your Sporcle Settings to finish the process.

Report this User

Report this user for behavior that violates our Community Guidelines.

Details: